Refining composition skills. Rethoric and grammar

Uloženo v:
Podrobná bibliografie
Hlavní autoři: Smalley, Regina L (Autor), Ruetten, Mary K (Autor), Kozyrev, Joann Rishel (Autor)
Médium: Kniha
Jazyk:angličtina
Vydáno: Boston Heingle Cengage Learning 2001
Vydání:5a. ed
Témata:
Tagy: Přidat tag
Žádné tagy, Buďte první, kdo vytvoří štítek k tomuto záznamu!

MARC

LEADER 00000nam a2200000 a 4500
001 UCG6020
003 CL-VaPUC
008 110331e20010000US |||||||||||||||||eng|d
020 |a 9780838402238 
082 0 4 |a 425  |b SMA  |2 21 
100 0 |a Smalley, Regina L  |e author  |9 556023 
700 0 |a Ruetten, Mary K  |e author  |9 556024 
700 0 |a Kozyrev, Joann Rishel  |e author  |9 556025 
245 1 0 |a Refining composition skills. Rethoric and grammar 
250 |a 5a. ed 
300 |a 430 P 
942 |c BK 
945 |d 20110331 00:00:00  |a jcampos 
260 |a Boston  |b Heingle Cengage Learning  |c 2001 
650 0 |a Gramática inglesa  |9 392981 
650 0 |a Lengua inglesa  |9 453712 
650 0 |a Comprensión de lectura  |9 307588 
650 0 |a Expresión oral  |9 334815 
650 0 |a Expresión escrita  |9 334816 
583 |a last modification  |c 20110331 00:00:00  |k Rodrigo Vera 
999 |c 344342  |d 344340 
952 |0 0  |1 0  |4 0  |6 425_000000000000000_SMA_2001  |7 0  |8 A  |9 442264  |a BIBEDU  |b BIBEDU  |d 2019-11-22  |i 4760107  |o 425 SMA 2001  |p 4760107  |r 2019-11-22  |w 2019-11-22  |y BK  |k LIT